Sports Quiz

Random Sports or Translation Quiz
Score 0/30 Timer 02:30
0 Plays Today
% Correct
Mavericks
93.9%
Nets
93.9%
Nuggets
93.8%
Grizzlies
93.7%
Bulls
93.7%
Timberwolves
93.6%
Pistons
93.4%
Bucks
93.3%
Wizards
93.1%
Spurs
93.1%
Pelicans
93%
Suns
93%
Kings
92.9%
Knicks
92.6%
Lakers
92.5%
% Correct
Heat
92.4%
Celtics
92.4%
Hornets
91.4%
Hawks
91.1%
Raptors
90.3%
Clippers
89.6%
Cavaliers
88.5%
Pacers
87.6%
Trail Blazers
86.9%
76ers
85.4%
Rockets
84.1%
Jazz
83.3%
Magic
81.9%
Warriors
81.6%
Thunder
81.2%
Remove Ads.
Support Sporcle.
Get the best of Sporcle when you Go Orange. This ad-free experience offers more features, more stats, and more fun while also helping to support Sporcle. Thank you for becoming a member.

You're not logged in!

Compare scores with friends on all Sporcle quizzes.
OR
Log In

Sporcle TV

Today on Sporcle TV


Watch our educational content, quiz creation guides, and fun videos on Sporcle TV.

Show Comments

Extras

Top Quizzes Today


Score Distribution

Paid Content

Your Account Isn't Verified!

In order to create a playlist on Sporcle, you need to verify the email address you used during registration. Go to your Sporcle Settings to finish the process.

Report this User

Report this user for behavior that violates our Community Guidelines.

Details: